Population geography of scheduled castes and scheduled tribes in Rajasthan / (Record no. 134433)

MARC details
000 -LEADER
fixed length control field 00718nam a22002177a 4500
005 - DATE AND TIME OF LATEST TRANSACTION
control field 20170124110226.0
010 ## - LIBRARY OF CONGRESS CONTROL NUMBER
LC control number B-034913
020 ## - INTERNATIONAL STANDARD BOOK NUMBER
Terms of availability 200.00
035 ## - SYSTEM CONTROL NUMBER
System control number B-034913
037 ## - SOURCE OF ACQUISITION
Source of stock number/acquisition Cen Lib/Ret
040 ## - CATALOGING SOURCE
Original cataloging agency DPL
Language of cataloging EN
082 ## - DEWEY DECIMAL CLASSIFICATION NUMBER
Classification number 305.56095442
Item number SHA
100 ## - MAIN ENTRY--PERSONAL NAME
Personal name Sharma, Banke Bihari Lal
9 (RLIN) 40710
245 ## - TITLE STATEMENT
Title Population geography of scheduled castes and scheduled tribes in Rajasthan /
Statement of responsibility, etc by Banke Bihari Lal Sharma
260 ## - PUBLICATION, DISTRIBUTION, ETC. (IMPRINT)
Place of publication, distribution, etc Jodhpur
Name of publisher, distributor, etc Books Treasure
Date of publication, distribution, etc 2000
270 ## - ADDRESS
Address Sojati Gate
City Jodhpur
Postal code 342001
300 ## - PHYSICAL DESCRIPTION
Extent 128p.
Dimensions 21cm(Hb)
650 ## - SUBJECT ADDED ENTRY--TOPICAL TERM
Topical term or geographic name as entry element Population geography -- India -- Rajasthan
9 (RLIN) 40711
650 ## - SUBJECT ADDED ENTRY--TOPICAL TERM
Topical term or geographic name as entry element Scheduled tribes in India
9 (RLIN) 8146
942 ## - ADDED ENTRY ELEMENTS (KOHA)
Source of classification or shelving scheme Dewey Decimal Classification
Koha item type English Books
Classification part 305.56095442
Call number suffix SHA
Holdings
Withdrawn status Lost status Damaged status Not for loan Collection code Home library Current library Date acquired Source of acquisition Cost, normal purchase price Total Checkouts Full call number Barcode Date last seen Copy number Cost, replacement price Price effective from Koha item type
      Not For Loan Reference Central Library Central Library 30/07/2015 Cen Lib/Ret 200.00   305.56095442 SHA B-034913 30/07/2015 1 200.00 30/07/2015 English Books

© Delhi Public Library
Hit Counter
free hit counter